90s Alternative Bands by Song - Statistics

General Stats
  • This quiz has been taken 3,120 times
  • The average score is 7 of 10
Answer Stats
Hint Answer % Correct
Creep Radiohead
93%
Basket Case Green Day
88%
Zombie The Cranberries
88%
Buddy Holly Weezer
85%
Everlong Foo Fighters
79%
Killing in the Name Rage Against the Machine
73%
Give It Away Red Hot Chili Peppers
68%
Everybody Hurts R.E.M.
68%
Hurt Nine Inch Nails
55%
Lump The Presidents of the United States of America
39%
No matching quizzes found
Score Distribution
Percent of People with Each Score
Percentile by Number Answered
Your Score History
You have not taken this quiz